| 000 | 00824cam a22002651 4500 | ||
|---|---|---|---|
| 001 | he 67002435 | ||
| 003 | DLC | ||
| 005 | 20260227111452.0 | ||
| 008 | 890419s1923 nyu 001 0 hebr | ||
| 010 | _ahe 67002435 | ||
| 035 | _a(OCoLC)22324653 | ||
| 040 |
_aDLC _cNjP _dDLC |
||
| 042 | _apremarc | ||
| 050 | 0 | 0 |
_aBM522.76 _b.F35 |
| 100 | 1 | _aPfeffer, A. S. | |
| 240 | 1 | 0 | _aSheʼelot u-teshuvot Avne zikaron |
| 245 | 1 | 0 |
_aSefer Sheʼelot u-teshuvot Avne zikaron ... _c[me-et] Alṭer Shaʼul Pfeffer. |
| 260 |
_a[Nu-Yorḳ] ; _bMaramarashsigeṭ, _bBi-defus Ḳoifman u-veno, _c1923. |
||
| 300 |
_a2 v. _c34 cm. |
||
| 500 | _aVol. 2 printed by M.L. Hirsh, Saṭu-Mare. | ||
| 500 | _aIncludes indexes. | ||
| 650 | 0 |
_aResponsa _y1800-1948. |
|
| 740 | 0 | _aSheʼelot u-teshuvot Avne zikaron. | |
| 740 | 0 | _aAvne zikaron. | |
| 999 |
_c32799 _d32799 |
||